| 000 | 00381nam a2200157Ia 4500 | ||
|---|---|---|---|
| 008 | 230711s9999||||xx |||||||||||||| ||und|| | ||
| 041 | _aENG | ||
| 082 |
_a624 _bBR-D |
||
| 100 | _aBreyer DE | ||
| 245 | 0 | _aDesign of wood structures | |
| 250 | _a1st | ||
| 260 |
_c1988 _aNew Delhi _bTata McGraw Hill Education Limited |
||
| 300 | _a680 | ||
| 650 | _aCivil Engineering | ||
| 942 | _cBK | ||
| 999 |
_c1903 _d1903 |
||